Catálogo
 En Linea

Informe que sobre los restos de Colón, presenta al Excmo, Sr. Gobernador General D. Joaquín Jovellar y Soler despues de su viaje a Santo Domingo / (Registro nro. 33086)

Detalles MARC
000 -CABECERA
campo de control de longitud fija 00569nam a2200145 a 4500
001 - NÚMERO DE CONTROL
campo de control 000033595
005 - FECHA Y HORA DE LA ÚLTIMA TRANSACCIÓN
campo de control 20200930070355.0
008 - DATOS DE LONGITUD FIJA--INFORMACIÓN GENERAL
campo de control de longitud fija 110901s1878 cu 000 0 spa d
040 ## - FUENTE DE LA CATALOGACIÓN
Centro catalogador/agencia de origen DO-SdBNP
Lengua de catalogación spa
Centro/agencia transcriptor BNPHU
082 ## - NÚMERO DE LA CLASIFICACIÓN DECIMAL DEWEY
Número de clasificación xxx
Número de documento/Ítem L864i
100 1# - ENTRADA PRINCIPAL--NOMBRE DE PERSONA
Nombre de persona López Prieto, Antonio
9 (RLIN) 59085
245 10 - MENCIÓN DE TÍTULO
Título Informe que sobre los restos de Colón, presenta al Excmo, Sr. Gobernador General D. Joaquín Jovellar y Soler despues de su viaje a Santo Domingo /
Mención de responsabilidad, etc. Antonio López Prieto.
260 ## - PUBLICACIÓN, DISTRIBUCIÓN, ETC.
Lugar de publicación, distribución, etc. La Habana :
Nombre del editor, distribuidor, etc. Imprenta del Gobierno y Capitania General,
Fecha de publicación, distribución, etc. 1878.
300 ## - DESCRIPCIÓN FÍSICA
Extensión 83 p. ;
Dimensiones 24 cm.
Existencias
Estado de retiro Estado de pérdida Restricciones de uso No para préstamo Código de colección Localización permanente Ubicación/localización actual Ubicación en estantería Fecha de adquisición Número de inventario Total de préstamos Signatura topográfica completa Código de barras Fecha visto por última vez Precio válido a partir de Tipo de ítem Koha
        Monografías: Libros y Folletos Patrimonio Dominicano Patrimonio Dominicano Orden iniciada 01.09.2011 LF1   xxx L864i 33595-10 25.06.2020 25.06.2020 No se presta

Con tecnología Koha